Amar Hindi ke Himalya Nirala Smerti Granth (Record no. 39551)
[ view plain ]
| 000 -LEADER | |
|---|---|
| fixed length control field | 00293nam a22001097a 4500 |
| 008 - FIXED-LENGTH DATA ELEMENTS--GENERAL INFORMATION | |
| fixed length control field | 240530b |||||||| |||| 00| 0 eng d |
| 100 ## - MAIN ENTRY--PERSONAL NAME | |
| Personal name | Onkar, Shard |
| 245 ## - TITLE STATEMENT | |
| Title | Amar Hindi ke Himalya Nirala Smerti Granth |
| 260 ## - PUBLICATION, DISTRIBUTION, ETC. | |
| Place of publication | Prayag |
| Name of publisher | Bhartiya Prishad; |
| Year of publication | 1968. |
| 300 ## - PHYSICAL DESCRIPTION | |
| Number of Pages | 549p. |
| 942 ## - ADDED ENTRY ELEMENTS (KOHA) | |
| Koha item type | Books |
| Accession Number | Lost status | Damaged status | Price effective from | Koha item type | Not for loan | Withdrawn status | Home library | Current library | Shelving location | Date acquired | Source of acquisition | Cost, normal purchase price |
|---|---|---|---|---|---|---|---|---|---|---|---|---|
| 9512 | 01/04/2023 | Books | Withdrawn | RCL | RCL | General Stacks | 01/04/2023 | DDC | 30.00 |


